000 00636nam a2200241Ia 4500
003 OSt
005 20220925220536.0
006 a|||||r|||| 00| 0
007 ta
008 220923b |||||||| |||| 00| 0 eng d
037 _cGeneral Book
040 _aRTL
_cRTL
_beng
041 _2eng
_aeng
082 _aX, N3
100 _aBaxter J L
_9284994
245 0 _aBehavioural foundations of economics
260 _aLondon
_bMacmillan
_c1993
300 _axiv,265p
_ccm.
500 _aBibliography: P 247-258
650 _aEconomic Theory
942 _hX, N3
_cGB
_2CC
999 _c571763
_d571763